<?xml version="1.0" encoding="UTF-8"?>
<collection xmlns="http://www.loc.gov/MARC21/slim">
 <record>
  <leader>03568nam a2200709Ki 4500</leader>
  <controlfield tag="001">000226260</controlfield>
  <controlfield tag="003">OCoLC</controlfield>
  <controlfield tag="005">20220105164803.0</controlfield>
  <controlfield tag="005">20131217132713.0</controlfield>
  <controlfield tag="006">m        d</controlfield>
  <controlfield tag="007">cr cnu   unuuu</controlfield>
  <controlfield tag="008">131217s2009    maua    ob    001 0 eng d</controlfield>
  <datafield tag="STA" ind1=" " ind2=" ">
   <subfield code="a">NEZPRACOVANÝ IMPORT</subfield>
  </datafield>
  <datafield tag="020" ind1=" " ind2=" ">
   <subfield code="a">9781422136577 (electronic bk.)</subfield>
  </datafield>
  <datafield tag="020" ind1=" " ind2=" ">
   <subfield code="a">1422136574 (electronic bk.)</subfield>
  </datafield>
  <datafield tag="020" ind1=" " ind2=" ">
   <subfield code="z">9781422124826</subfield>
  </datafield>
  <datafield tag="020" ind1=" " ind2=" ">
   <subfield code="z">1422124827</subfield>
  </datafield>
  <datafield tag="035" ind1=" " ind2=" ">
   <subfield code="a">(OCoLC)865508492</subfield>
  </datafield>
  <datafield tag="035" ind1=" " ind2=" ">
   <subfield code="a">674809</subfield>
   <subfield code="b">(N$T)</subfield>
  </datafield>
  <datafield tag="050" ind1=" " ind2="4">
   <subfield code="a">HC79.T4</subfield>
   <subfield code="b">V465 2009eb</subfield>
  </datafield>
  <datafield tag="072" ind1=" " ind2="7">
   <subfield code="a">BUS</subfield>
   <subfield code="x">082000</subfield>
   <subfield code="2">bisacsh</subfield>
  </datafield>
  <datafield tag="072" ind1=" " ind2="7">
   <subfield code="a">BUS</subfield>
   <subfield code="x">041000</subfield>
   <subfield code="2">bisacsh</subfield>
  </datafield>
  <datafield tag="072" ind1=" " ind2="7">
   <subfield code="a">BUS</subfield>
   <subfield code="x">042000</subfield>
   <subfield code="2">bisacsh</subfield>
  </datafield>
  <datafield tag="072" ind1=" " ind2="7">
   <subfield code="a">BUS</subfield>
   <subfield code="x">085000</subfield>
   <subfield code="2">bisacsh</subfield>
  </datafield>
  <datafield tag="082" ind1="0" ind2="4">
   <subfield code="a">658.5/14</subfield>
   <subfield code="2">22</subfield>
  </datafield>
  <datafield tag="084" ind1=" " ind2=" ">
   <subfield code="a">85.15</subfield>
   <subfield code="2">bcl</subfield>
  </datafield>
  <datafield tag="100" ind1="1" ind2=" ">
   <subfield code="a">Verganti, Roberto.</subfield>
  </datafield>
  <datafield tag="245" ind1="1" ind2="0">
   <subfield code="a">Design-driven innovation :</subfield>
   <subfield code="b">changing the rules of competition by radically innovating what things mean /</subfield>
   <subfield code="c">Roberto Verganti.</subfield>
  </datafield>
  <datafield tag="264" ind1=" " ind2="1">
   <subfield code="a">Boston, Mass. :</subfield>
   <subfield code="b">Harvard Business Press,</subfield>
   <subfield code="c">[2009]</subfield>
  </datafield>
  <datafield tag="264" ind1=" " ind2="4">
   <subfield code="c">©2009</subfield>
  </datafield>
  <datafield tag="300" ind1=" " ind2=" ">
   <subfield code="a">1 online resource (xv, 272 pages) :</subfield>
   <subfield code="b">illustrations.</subfield>
  </datafield>
  <datafield tag="336" ind1=" " ind2=" ">
   <subfield code="a">text</subfield>
   <subfield code="b">txt</subfield>
   <subfield code="2">rdacontent</subfield>
  </datafield>
  <datafield tag="337" ind1=" " ind2=" ">
   <subfield code="a">computer</subfield>
   <subfield code="b">c</subfield>
   <subfield code="2">rdamedia</subfield>
  </datafield>
  <datafield tag="338" ind1=" " ind2=" ">
   <subfield code="a">online resource</subfield>
   <subfield code="b">cr</subfield>
   <subfield code="2">rdacarrier</subfield>
  </datafield>
  <datafield tag="504" ind1=" " ind2=" ">
   <subfield code="a">Includes bibliographical references (pages [241]-259) and index.</subfield>
  </datafield>
  <datafield tag="505" ind1="0" ind2=" ">
   <subfield code="a">Design-driven innovation : an introduction -- Design and meanings : innovating by making sense of things -- Radical pushes : placing design-driven innovation in the strategy of a firm -- Technology epiphanies : the interplay between technology-push and design-driven innovation -- The value and the challenges : why companies do or do not invest in design-driven innovation -- The interpreters : doing research with the design discourse -- Listening : finding and attracting key interpreters -- Interpreting : developing your own vision -- Addressing : leveraging the seductive power of the interpreters -- The design-driven lab : how to start -- Businesspeople : the key role of top executives and their culture.</subfield>
  </datafield>
  <datafield tag="520" ind1="8" ind2=" ">
   <subfield code="a">With fascinating examples from leading European and American companies, Roberto Verganti shows that for truly breakthrough products and services, we must look beyond customers and users to those he calls 'interpreters' - the experts who deeply understand and shape the markets they work in.</subfield>
  </datafield>
  <datafield tag="588" ind1=" " ind2=" ">
   <subfield code="a">Description based on print version record.</subfield>
  </datafield>
  <datafield tag="650" ind1=" " ind2="0">
   <subfield code="a">Technological innovations.</subfield>
  </datafield>
  <datafield tag="650" ind1=" " ind2="0">
   <subfield code="a">Industrial management.</subfield>
  </datafield>
  <datafield tag="650" ind1="0" ind2="7">
   <subfield code="a">Industriedesign.</subfield>
   <subfield code="2">swd</subfield>
  </datafield>
  <datafield tag="650" ind1="0" ind2="7">
   <subfield code="a">Innovationsmanagement.</subfield>
   <subfield code="2">swd</subfield>
  </datafield>
  <datafield tag="650" ind1="0" ind2="7">
   <subfield code="a">Innovation.</subfield>
   <subfield code="2">swd</subfield>
  </datafield>
  <datafield tag="650" ind1=" " ind2="7">
   <subfield code="a">Industrial management.</subfield>
   <subfield code="2">fast</subfield>
   <subfield code="0">(OCoLC)fst00971246</subfield>
  </datafield>
  <datafield tag="650" ind1=" " ind2="7">
   <subfield code="a">Technological innovations.</subfield>
   <subfield code="2">fast</subfield>
   <subfield code="0">(OCoLC)fst01145002</subfield>
  </datafield>
  <datafield tag="650" ind1=" " ind2="7">
   <subfield code="a">BUSINESS &amp; ECONOMICS / Industrial Management</subfield>
   <subfield code="2">bisacsh</subfield>
  </datafield>
  <datafield tag="650" ind1=" " ind2="7">
   <subfield code="a">BUSINESS &amp; ECONOMICS / Management</subfield>
   <subfield code="2">bisacsh</subfield>
  </datafield>
  <datafield tag="650" ind1=" " ind2="7">
   <subfield code="a">BUSINESS &amp; ECONOMICS / Management Science</subfield>
   <subfield code="2">bisacsh</subfield>
  </datafield>
  <datafield tag="650" ind1=" " ind2="7">
   <subfield code="a">BUSINESS &amp; ECONOMICS / Organizational Behavior</subfield>
   <subfield code="2">bisacsh</subfield>
  </datafield>
  <datafield tag="655" ind1=" " ind2="7">
   <subfield code="a">elektronické knihy</subfield>
   <subfield code="7">fd186907</subfield>
   <subfield code="2">czenas</subfield>
  </datafield>
  <datafield tag="655" ind1=" " ind2="9">
   <subfield code="a">electronic books</subfield>
   <subfield code="2">eczenas</subfield>
  </datafield>
  <datafield tag="776" ind1="0" ind2="8">
   <subfield code="i">Print version:</subfield>
   <subfield code="a">Verganti, Roberto.</subfield>
   <subfield code="t">Design-driven innovation</subfield>
   <subfield code="z">9781422124826</subfield>
   <subfield code="w">(DLC)  2008051751</subfield>
   <subfield code="w">(OCoLC)213312343</subfield>
  </datafield>
  <datafield tag="856" ind1="4" ind2="0">
   <subfield code="3">EBSCOhost</subfield>
   <subfield code="u">https://zdroje.vse.cz/login?url=https://search.ebscohost.com/login.aspx?direct=true&amp;scope=site&amp;db=nlebk&amp;db=nlabk&amp;AN=674809</subfield>
   <subfield code="y">Plný text</subfield>
  </datafield>
  <datafield tag="BAS" ind1=" " ind2=" ">
   <subfield code="a">HBR</subfield>
  </datafield>
  <datafield tag="BAS" ind1=" " ind2=" ">
   <subfield code="a">EB</subfield>
  </datafield>
  <datafield tag="993" ind1=" " ind2=" ">
   <subfield code="x">NEPOSILAT</subfield>
   <subfield code="y">EB</subfield>
  </datafield>
  <datafield tag="049" ind1=" " ind2=" ">
   <subfield code="a">N$TA</subfield>
  </datafield>
  <datafield tag="910" ind1=" " ind2=" ">
   <subfield code="a">cpp1723AUTO</subfield>
  </datafield>
  <datafield tag="938" ind1=" " ind2=" ">
   <subfield code="a">EBSCOhost</subfield>
   <subfield code="b">EBSC</subfield>
   <subfield code="n">674809</subfield>
  </datafield>
  <datafield tag="994" ind1=" " ind2=" ">
   <subfield code="a">02</subfield>
   <subfield code="b">N$T</subfield>
  </datafield>
 </record>
</collection>
